Význam dizajnu internetovej stránky v marketingovej komunikácii diplomová práca

Salvato in:
Dettagli Bibliografici
Autore principale: Dmytrusenko, Sofiia
Ente Autore: Podnikovohospodárska fakulta EU so sídlom v Košiciach. Katedra obchodného podnikania
Altri autori: Weiss, Erik, 1979-
Natura: Libro
Lingua:slovacco
Pubblicazione: Košice 2025
Tags: Aggiungi Tag
Nessun Tag, puoi essere il primo ad aggiungerne!!

MARC

LEADER 00000nbm a2200000 4500
001 0308991
005 20251118131406.0
041 0 |a slo 
044 |a SK 
245 1 0 |a Význam dizajnu internetovej stránky v marketingovej komunikácii  |b diplomová práca  |c Sofiia Dmytrusenko ; školiteľ: Erik Weiss 
264 1 |a Košice  |c 2025 
300 |a 65 s. 
100 1 |a Dmytrusenko, Sofiia 
700 1 |a Weiss, Erik, 1979- 
710 2 |a Podnikovohospodárska fakulta EU so sídlom v Košiciach. Katedra obchodného podnikania